Normal view
MARC view
Entry Topical Term
001 - CONTROL NUMBER
- control field: 13795
003 - CONTROL NUMBER IDENTIFIER
- control field: BD-RjUL
005 - DATE AND TIME OF LATEST TRANSACTION
- control field: 20241016114924.0
008 - FIXED-LENGTH DATA ELEMENTS
- fixed length control field: 241016|| aca||aabn | a|a d
040 ## - CATALOGING SOURCE
- Original cataloging agency: BD-RjUL
- Transcribing agency: BD-RjUL
150 ## - HEADING--TOPICAL TERM
- Topical term or geographic name entry element: Physical organic chemistry
670 ## - SOURCE DATA FOUND
- Source citation: Work cat.: (BD-RjUL)84110: Pasto, Daniel J., 1936- 13794, Organic structure determination /, 1969.